Statistiques concernant Pays d'Afrique

Cliquez ici pour prendre le quiz!

Statistiques générales

  • Ce quiz a été pris 156,962 fois
    (156,947 depuis la dernière actualisation)
  • Le résultat moyen est 40 sur 54

Statistiques - réponses

Pays % Correct
Algérie
97%
Maroc
97%
Afrique du Sud
96%
Égypte
96%
Congo (Rép)
94%
Congo
(Rép Dém)
94%
Tunisie
94%
Madagascar
92%
Libye
89%
Mali
88%
Niger
87%
Soudan
86%
Sénégal
85%
Somalie
84%
Nigeria
84%
Éthiopie
84%
Guinée
82%
Mauritanie
81%
Côte d'Ivoire
81%
Togo
80%
Kenya
80%
Zimbabwe
78%
Cameroun
77%
Tchad
76%
Angola
75%
Tanzanie
73%
Érythrée
73%
Ghana
72%
Rwanda
72%
Bénin
72%
Namibie
71%
Zambie
71%
Burkina Faso
71%
Cap-Vert
70%
Soudan du Sud
70%
Mozambique
69%
République
Centrafricaine
69%
Lesotho
68%
Gabon
67%
Botswana
66%
Guinée
équatoriale
66%
Guinée-Bissau
66%
Liberia
65%
Djibouti
64%
Ouganda
63%
Burundi
61%
Gambie
60%
Sierra Leone
59%
Malawi
59%
Eswatini
59%
Seychelles
56%
Île Maurice
56%
Comores
55%
Sao Tomé-et-
Principe
44%

Distribution des résultats

Percentile par nombre de réponses

% des personnes avec chaque résultat

Votre développement - résultats

Vous n’avez pas pris ce quiz depuis la dernière actualisation